| 000 | 02315nam2a22003731 4500 | ||
|---|---|---|---|
| 001 | v19\rc\1743040 | ||
| 005 | 20260405235921.0 | ||
| 035 | _a(NLR Aleph) 005231340 | ||
| 090 |
_a5608694 _c5608694 |
||
| 100 | _a20061204d1904 |||y0rusy50 ca | ||
| 101 | 1 |
_arus _cger |
|
| 102 | _aRU | ||
| 105 | _aabc z ||||| | ||
| 200 | 1 |
_aЗападная Европа _eЧ. 1 _fСост. профессора: Г. Адлер, В. Вальтер, Р. Майр [и др.] _gПер. с нем. библиотекарь Публичной б-ки А.И. Браудо и А.А. Вейнберг _gИл. исполнены К.Р. Клаубертом, О. Шульцем и В. Штевером |
|
| 210 |
_d[1904] _aБ. м. |
||
| 215 | _aX, 575 с., 4 л., 26 л. ил., портр., карт. | ||
| 461 | 0 |
_1001v19\rc\1743033 _12001#$aИстория человечества$eВсемир. история$eПолн. пер. с знач. доп. для России избр. рус. ученых. Т. 1-9$fСост. проф.: Георг Адлер, Карл Арендт, Томас Ахелис... и др.$gПод общ. ред. Ганса Гельмгольта$vТ. 7 _95255828 _cСанкт-Петербург _d[1902]-[1910] _fСост. проф.: Георг Адлер, Карл Арендт, Томас Ахелис... и др. _nПросвещение _oВсемир. история : Полн. пер. с знач. доп. для России избр. рус. ученых. Т. 1-9 _p9 т. _tИстория человечества _vТ. 7 |
|
| 702 | 1 |
_aАдлер _bГ. _f1863-1908 _gГеорг _4220 |
|
| 702 | 1 |
_aВальтер _bВ. _4220 |
|
| 702 | 1 |
_aМайр _bР. _4220 |
|
| 702 | 1 |
_4730 _8rus _7ca _aБраудо _bА.И. _f1864-1924 _gАлександр Исаевич _3RU\NLR\AUTH\7723024 _96078 |
|
| 702 | 1 |
_4730 _8rus _7ca _aВейнберг _bА. А. _gАндрей Адрианович _3RU\NLR\AUTH\77109505 _992430 |
|
| 702 | 1 |
_aКлауберт _bК.Р. _4440 |
|
| 702 | 1 |
_aШульц _bО. _gОскар _4440 |
|
| 702 | 1 |
_aШтевер _bВ. _4440 |
|
| 801 | 0 |
_aRU _bNLR _c20061204 _gpsbo |
|
| 801 | 0 |
_aRU _bRuMoRGB _c20061204 _2psbo |
|
| 801 | 1 |
_aRU _bProSoft-M _c20061204 _2rusmarc |
|
| 801 | 2 |
_aRU _bNLR _c20120313 _2rusmarc |
|
| 852 |
_aNLR _j127/1303 |
||
| 852 |
_aNLR _j20.74.7.14 |
||
| 942 | _cBOOK | ||
| 980 | _aNB | ||